000
00309nam a22001337a 4500
008
181217b xxu||||| |||| 00| 0 eng d
020
_a
0517385686
041
_a
eng
080
_a
038
100
_a
23
101
_a
FJA
245
_a
Webster's Dictionary of Usage and Style
_c
Copperud, R.H
942
_2
udc
_c
BK
999
_c
53268
_d
53268